| 000 | 00472nam a22001457a 4500 | ||
|---|---|---|---|
| 003 | NUST | ||
| 038 | _asaba | ||
| 082 |
_a621.3 _bMCS |
||
| 100 |
_aIqbal, Maria _934930 |
||
| 245 | _aOptimal Waveform-based Detection Framework & Convexity Range Estimation in Cognitive Radios | ||
| 260 |
_aIslamabad: _bMCS, National University of Sciences and Technology, _c2012 |
||
| 300 | _a58p. | ||
| 650 |
_aElectrical Engineering - Optimal Waveform-based _934931 |
||
| 942 |
_2ddc _cTHE |
||
| 999 |
_c540766 _d540766 |
||